[Event "Belgrade-chT"]
[Site "Belgrade"]
[Date "2019.09.23"]
[Round "1.2"]
[White "Gavric, Gazimir"]
[Black "Vencl, Radivoje"]
[Result "1-0"]
[WhiteElo "2050"]
[BlackElo "2230"]
[PlyCount "59"]
[EventDate "2019.09.23"]
[EventType "team-tourn"]
[EventRounds "11"]
[EventCountry "SRB"]
[SourceTitle "EXT 2020"]
[Source "ChessBase"]
[SourceDate "2019.10.17"]
[SourceVersion "1"]
[SourceVersionDate "2019.10.17"]
[SourceQuality "1"]
[WhiteTeam "Lasta"]
[BlackTeam "MZ Cirilo i Metodije"]
[WhiteTeamCountry "SRB"]
[BlackTeamCountry "SRB"]

1. Nf3 d5 2. d4 Nf6 3. Bf4 c6 4. e3 Bf5 5. c4 e6 6. Nbd2 Bd6 7. Qb3 b6 8. Bxd6 Qxd6 9. c5 Qc7 10. cxb6 axb6 11. Rc1 0-0 12. Ne5 c5 13. a3 c4 14. Qd1 Nbd7 15. f4 Nxe5 16. fxe5 Ne4 17. Be2 Qe7 18. 0-0 b5 19. Bf3 Nxd2 20. Qxd2 b4 21. Bxd5 Bd3 22. Bxa8 bxa3 23. Bf3 axb2 24. Qxb2 Bxf1 25. Kxf1 f6 26. exf6 Qxf6 27. Rxc4 Qh6 28. h3 Qxe3 29. Qe2 Qh6 30. Rc6 1-0

[Event "Belgrade-chTB Quality"]
[Site "Belgrade"]
[Date "2018.10.21"]
[Round "8.7"]
[White "Vukovojac, Marko"]
[Black "Gavric, Gazimir"]
[Result "0-1"]
[WhiteElo "1995"]
[BlackElo "2016"]
[PlyCount "75"]
[EventDate "2018.09.29"]
[EventType "team-tourn"]
[EventRounds "11"]
[EventCountry "SRB"]
[SourceTitle "CBM 187 Extra"]
[Source "ChessBase"]
[SourceDate "2018.11.04"]
[SourceVersion "1"]
[SourceVersionDate "2018.11.04"]
[SourceQuality "1"]
[WhiteTeam "Belgrade Polet"]
[BlackTeam "Belgrade Lasta"]
[WhiteTeamCountry "SRB"]
[BlackTeamCountry "SRB"]

1. d4 Nf6 2. c4 c5 3. d5 d6 4. Nc3 Bf5 5. f3 e6 6. e4 Bg6 7. Bd3 Be7 8. Nge2 Nbd7 9. Nf4 e5 10. Nxg6 hxg6 11. Ne2 Nh5 12. Be3 Bg5 13. Bf2 Nf4 14. Nxf4 exf4 15. Qa4 Bh4 16. g3 Bg5 17. Ke2 Rh3 18. Raf1 Qf6 19. Qb3 Ne5 20. Bc2 b6 21. Qc3 0-0-0 22. gxf4 Bxf4 23. Bg1 Rdh8 24. Rf2 Qg5 25. Qa3 Kb8 26. Kf1 Nxc4 27. Qc3 Ne5 28. Bd1 R8h6 29. Qc2 Qf6 30. Qe2 g5 31. Qb5 Be3 32. Qe8+ Kb7 33. Ba4 Rh8 34. Bc6+ Kc7 35. Qxh8 Rxh8 36. Re2 Qxf3+ 37. Ke1 Nd3+ 38. Kd1 0-1

[Event "Belgrade-chT"]
[Site "Belgrade"]
[Date "2017.11.01"]
[Round "10.5"]
[White "Gavric, Gazimir"]
[Black "Petrovic, Igor R"]
[Result "0-1"]
[WhiteElo "1984"]
[BlackElo "2126"]
[PlyCount "70"]
[EventDate "2017.10.01"]
[EventType "team-tourn"]
[EventRounds "11"]
[EventCountry "SRB"]
[SourceTitle "CBM 181 Extra"]
[Source "ChessBase"]
[SourceDate "2017.12.12"]
[SourceVersion "1"]
[SourceVersionDate "2017.12.12"]
[SourceQuality "1"]
[WhiteTeam "Lasta"]
[BlackTeam "GSP Polet"]
[WhiteTeamCountry "SRB"]
[BlackTeamCountry "SRB"]

1. Nf3 Nc6 2. d4 d5 3. Bf4 Nf6 4. e3 Bg4 5. Be2 e6 6. 0-0 Bd6 7. Bg5 h6 8. Bh4 g5 9. Bg3 Ne4 10. Nbd2 h5 11. Bxd6 Bxf3 12. Bxf3 Nxd2 13. Qxd2 Qxd6 14. b3 0-0-0 15. c4 Rdg8 16. cxd5 exd5 17. Rfc1 g4 18. Be2 h4 19. Bf1 g3 20. fxg3 Rxg3 21. hxg3 hxg3 22. Bd3 Rh1+ 23. Kxh1 Qh6+ 24. Kg1 Nxd4 25. Rxc7+ Kd8 26. Rc8+ Kd7 27. Bf5+ Nxf5 28. Rcc1 Nxe3 29. Rc7+ Kxc7 30. Qa5+ Kd6 31. Qd8+ Ke6 32. Qc8+ Kf6 33. Qh3 Qf4 34. Rc1 Kg7 35. Kh1 Ng4 0-1

[Event "Belgrade-chT"]
[Site "Belgrade"]
[Date "2017.10.01"]
[Round "1.4"]
[White "Brankovic, Danilo"]
[Black "Gavric, Gazimir"]
[Result "0-1"]
[WhiteElo "2078"]
[BlackElo "1984"]
[PlyCount "114"]
[EventDate "2017.10.01"]
[EventType "team-tourn"]
[EventRounds "11"]
[EventCountry "SRB"]
[SourceTitle "CBM 181 Extra"]
[Source "ChessBase"]
[SourceDate "2017.12.12"]
[SourceVersion "1"]
[SourceVersionDate "2017.12.12"]
[SourceQuality "1"]
[WhiteTeam "BASK"]
[BlackTeam "Lasta"]
[WhiteTeamCountry "SRB"]
[BlackTeamCountry "SRB"]

1. e4 Nc6 2. Nf3 d6 3. d4 Bg4 4. c3 a6 5. h3 Bh5 6. Bf4 e5 7. Be3 exd4 8. cxd4 Qe7 9. Nc3 Nf6 10. Bd3 Bg6 11. Nd2 d5 12. Nxd5 Nxd5 13. exd5 Bxd3 14. dxc6 b6 15. Qb3 Bb5 16. d5 Qb4 17. 0-0-0 0-0-0 18. Nf3 Qxb3 19. axb3 Be2 20. Rd2 Bxf3 21. gxf3 Bd6 22. Kc2 a5 23. Bd4 Rhg8 24. Re1 Bf4 25. Be3 Rge8 26. Rd4 Be5 27. Rd3 Bd6 28. Red1 Re5 29. Kc3 Rf5 30. Bd2 Rh5 31. Rg1 Rxh3 32. f4 Bb4+ 33. Kc4 b5+ 34. Kd4 Rxd3+ 35. Kxd3 Rxd5+ 36. Ke4 Rxd2 37. Rxg7 Rd6 38. Rxh7 f6 39. Rh8+ Rd8 40. Rh5 Re8+ 41. Kd3 Kd8 42. Rd5+ Ke7 43. Ke4 Rd8 44. Rxb5 Rd6 45. Rh5 Rxc6 46. Rh7+ Ke6 47. f5+ Kd6 48. Rh6 Kd7 49. Kd5 Rc5+ 50. Ke4 Re5+ 51. Kd3 Rxf5 52. Ke2 Bd6 53. Rh4 Be5 54. Ra4 Bxb2 55. b4 axb4 56. Rxb4 Be5 57. Ke3 c5 0-1

[Event "Belgrade-chT"]
[Site "Belgrade"]
[Date "2017.05.12"]
[Round "3.4"]
[White "Selimoski, Muhamed"]
[Black "Gavric, Gazimir"]
[Result "1-0"]
[WhiteElo "1780"]
[BlackElo "1993"]
[PlyCount "39"]
[EventDate "2017.05.10"]
[EventType "team-swiss"]
[EventRounds "5"]
[EventCountry "SRB"]
[SourceTitle "CBM 178 Extra"]
[Source "ChessBase"]
[SourceDate "2017.06.22"]
[SourceVersion "1"]
[SourceVersionDate "2017.06.22"]
[SourceQuality "1"]
[WhiteTeam "Belgrade Tehnicka Skola"]
[BlackTeam "Lasta"]
[WhiteTeamCountry "SRB"]
[BlackTeamCountry "SRB"]

1. e4 Nc6 2. Nc3 g6 3. f4 Bg7 4. Nf3 d6 5. Bc4 Nd4 6. d3 Nh6 7. h3 c6 8. Be3 Qb6 9. Bb3 Nxf3+ 10. Qxf3 Qa5 11. 0-0 e6 12. Rae1 Bd7 13. f5 gxf5 14. Qh5 Ng8 15. Rxf5 exf5 16. Qxf7+ Kd8 17. Qxg7 Qe5 18. Qf8+ Qe8 19. Qxe8+ Kxe8 20. Bd4 1-0

[Event "Belgrade-chT"]
[Site "Belgrade"]
[Date "2016.10.14"]
[Round "6.7"]
[White "Gavric, Gazimir"]
[Black "Mihic, Bojan"]
[Result "0-1"]
[WhiteElo "1988"]
[BlackElo "2382"]
[PlyCount "62"]
[EventDate "2016.10.08"]
[EventType "team-tourn"]
[EventRounds "13"]
[EventCountry "SRB"]
[SourceTitle "EXT 2017"]
[Source "ChessBase"]
[SourceDate "2016.10.25"]
[SourceVersion "1"]
[SourceVersionDate "2016.10.25"]
[SourceQuality "1"]
[WhiteTeam "Lasta"]
[BlackTeam "Belgrade Sigurnost"]
[WhiteTeamCountry "SRB"]
[BlackTeamCountry "SRB"]

1. e4 g6 2. d4 Bg7 3. Nf3 d6 4. Bc4 e6 5. Bb3 Ne7 6. Bg5 h6 7. Be3 Nd7 8. Nc3 a6 9. Qd2 b6 10. h3 Bb7 11. Nh2 b5 12. d5 exd5 13. Bd4 Ne5 14. exd5 Nf5 15. Bxe5 dxe5 16. Nf3 0-0 17. 0-0-0 Nd6 18. Rhe1 a5 19. a4 b4 20. Ne4 Nxe4 21. Rxe4 Qd6 22. Qe3 Rfe8 23. Rc4 Rad8 24. Qa7 e4 25. Qxb7 exf3 26. gxf3 Qf6 27. Rcd4 Qxf3 28. R4d3 Qf6 29. c3 bxc3 30. Qxc7 Rc8 31. Qg3 c2 0-1

[Event "Belgrade-chT"]
[Site "Belgrade"]
[Date "2016.10.12"]
[Round "5.2"]
[White "Certic, Branimir"]
[Black "Gavric, Gazimir"]
[Result "1-0"]
[WhiteElo "2391"]
[BlackElo "1988"]
[PlyCount "61"]
[EventDate "2016.10.08"]
[EventType "team-tourn"]
[EventRounds "13"]
[EventCountry "SRB"]
[SourceTitle "EXT 2017"]
[Source "ChessBase"]
[SourceDate "2016.10.25"]
[SourceVersion "1"]
[SourceVersionDate "2016.10.25"]
[SourceQuality "1"]
[WhiteTeam "Belgrade Vodovod"]
[BlackTeam "Lasta"]
[WhiteTeamCountry "SRB"]
[BlackTeamCountry "SRB"]

1. e4 Nc6 2. Nc3 e5 3. Bb5 Bc5 4. Bxc6 dxc6 5. d3 Be6 6. Be3 Bxe3 7. fxe3 Qg5 8. Qf3 Nf6 9. h3 Nh5 10. Nge2 0-0 11. g4 Nf6 12. 0-0-0 Nd7 13. Ng3 g6 14. Rdg1 Rad8 15. Nf5 Bxf5 16. exf5 Qh4 17. g5 f6 18. Rg4 Qh5 19. Ne4 fxg5 20. f6 Rf7 21. h4 Qh6 22. hxg5 Qf8 23. Rgh4 Nc5 24. Qh3 Rdd7 25. Nf2 h5 26. Ng4 Qd6 27. Nh6+ Kf8 28. Nxf7 Kxf7 29. Rxh5 gxh5 30. Qxh5+ Kf8 31. Qg6 1-0

[Event "Belgrade-chT Quality"]
[Site "Belgrade"]
[Date "2015.10.11"]
[Round "4"]
[White "Gavric, Gazimir"]
[Black "Marjanovic, Dragan"]
[Result "1-0"]
[WhiteElo "2025"]
[BlackElo "1814"]
[PlyCount "29"]
[EventDate "2015.10.03"]
[EventType "team-tourn"]
[EventRounds "11"]
[EventCountry "SRB"]
[SourceTitle "EXT 2018"]
[Source "ChessBase"]
[SourceDate "2017.10.13"]
[SourceVersion "1"]
[SourceVersionDate "2017.10.13"]
[SourceQuality "1"]

1. Nf3 Nf6 2. Nc3 d6 3. d4 Nbd7 4. e4 e5 5. Bc4 Be7 6. Bxf7+ Kxf7 7. Ng5+ Kg6 8. f4 exf4 9. Ne6 Qg8 10. Nd5 Qxe6 11. Nxf4+ Kf7 12. Nxe6 Kxe6 13. 0-0 h5 14. Bg5 Nxe4 15. d5+ 1-0

[Event "Belgrade tt Cup"]
[Site "Belgrade"]
[Date "2015.04.21"]
[Round "2.4"]
[White "Jovicic, Dragomir"]
[Black "Gavric, Gazimir"]
[Result "1-0"]
[WhiteElo "2107"]
[BlackElo "2029"]
[PlyCount "113"]
[EventDate "2015.04.20"]
[EventType "team-swiss"]
[EventRounds "5"]
[EventCountry "SRB"]
[SourceTitle "CBM 166 Extra"]
[Source "ChessBase"]
[SourceDate "2015.06.18"]
[SourceVersion "1"]
[SourceVersionDate "2015.06.18"]
[SourceQuality "1"]
[WhiteTeam "Borca"]
[BlackTeam "Belgrade Partizan"]
[WhiteTeamCountry "SRB"]
[BlackTeamCountry "SRB"]

1. c4 Nc6 2. Nc3 e5 3. g3 a6 4. Bg2 Bc5 5. e3 d6 6. Nge2 Bg4 7. h3 Bh5 8. 0-0 Nge7 9. g4 Bg6 10. d4 Ba7 11. d5 Nb8 12. f4 exf4 13. Nxf4 0-0 14. h4 h6 15. h5 Bh7 16. Be4 Nd7 17. Bxh7+ Kxh7 18. Ne4 Ng8 19. Qc2 Kh8 20. Rf3 Ne5 21. Rg3 Qh4 22. Ng2 Qe7 23. b4 f5 24. gxf5 Rxf5 25. Qe2 Raf8 26. Nd2 Nf6 27. Bb2 Nxh5 28. Rh3 Rf2 29. Qxh5 R8f5 30. Qh4 Qxh4 31. Nxh4 Rxd2 32. Nxf5 Rxb2 33. Rf1 Nxc4 34. Kh1 Kh7 35. Rg3 g6 36. Ne7 Ne5 37. Nxg6 Nxg6 38. Rf7+ Kh8 39. Rxg6 Bxe3 40. Rxc7 Rb1+ 41. Kh2 Rc1 42. Rxc1 Bxc1 43. Re6 Kg8 44. Re7 b6 45. Rb7 Be3 46. a4 Kf8 47. Kg3 Ke8 48. Kf3 Bd4 49. Ke4 Bf2 50. Kf5 a5 51. bxa5 bxa5 52. Ke6 Kd8 53. Kxd6 Bg3+ 54. Ke6 h5 55. d6 Kc8 56. Rc7+ Kd8 57. Rh7 1-0

[Event "Belgrade City-chT"]
[Site "Belgrade"]
[Date "2013.11.13"]
[Round "9"]
[White "Jugovic, Dragan"]
[Black "Gavric, Gazimir"]
[Result "0-1"]
[WhiteElo "2062"]
[BlackElo "1944"]
[PlyCount "71"]
[EventDate "2013.10.26"]
[EventType "team-tourn"]
[EventRounds "11"]
[EventCountry "SRB"]
[SourceTitle "EXT 2015"]
[Source "ChessBase"]
[SourceDate "2014.11.20"]
[SourceVersion "1"]
[SourceVersionDate "2014.11.20"]
[SourceQuality "1"]

1. e4 Nc6 2. Nf3 e5 3. Bb5 Bc5 4. c3 Qe7 5. 0-0 a6 6. Ba4 b5 7. Bb3 Na5 8. Bc2 Bb6 9. d4 exd4 10. cxd4 Bb7 11. Bg5 Qb4 12. b3 h6 13. a3 Qd6 14. e5 Qe6 15. Be3 Bd5 16. b4 Nc4 17. Nc3 Nb2 18. Qb1 Bxf3 19. gxf3 Nc4 20. d5 Qxe5 21. Bxb6 Qxc3 22. Bxc7 d6 23. Bf5 Ne7 24. Re1 Ra7 25. Bb8 Rb7 26. Rc1 Qf6 27. Bxd6 Qxd6 28. Be4 f5 29. Bxf5 0-0 30. Be6+ Kh8 31. Qe4 Nd2 32. Qg4 Nxf3+ 33. Kg2 Qxh2+ 34. Kf1 Nd2+ 35. Ke2 Qxf2+ 36. Kd3 0-1

[Event "Belgrade-chT Quality"]
[Site "Belgrade"]
[Date "2011.10.31"]
[Round "7"]
[White "Stojkovic, Borivoje"]
[Black "Gavric, Gazimir"]
[Result "1/2-1/2"]
[WhiteElo "2013"]
[BlackElo "1929"]
[PlyCount "103"]
[EventDate "2011.10.15"]
[EventType "team-swiss"]
[EventRounds "11"]
[EventCountry "SRB"]
[SourceTitle "EXT 2012"]
[Source "ChessBase"]
[SourceDate "2011.11.24"]
[SourceVersion "1"]
[SourceVersionDate "2011.11.24"]
[SourceQuality "1"]

1. e4 c6 2. d4 d5 3. exd5 cxd5 4. Bd3 Nc6 5. c3 Nf6 6. Ne2 Bg4 7. 0-0 e6 8. Qb3 Qd7 9. Ng3 Bd6 10. f4 g6 11. Nd2 a6 12. Nf3 Rc8 13. Ne5 Qc7 14. Bd2 Bf5 15. Rae1 Bxe5 16. fxe5 Bxd3 17. Rxf6 Na5 18. Qd1 Qb6 19. Bc1 Bb1 20. Ref1 Rc7 21. Qf3 Nc6 22. Rxf7 Nxe5 23. Rf8+ Kd7 24. Qf6 Rxf8 25. Qxf8 Nd3 26. Rf7+ Kc6 27. Qe8+ Kd6 28. Rf6 Re7 29. Qb8+ Qc7 30. Bf4+ Nxf4 31. Qxc7+ Rxc7 32. Rxf4 Bxa2 33. Nf1 Ke7 34. Ne3 Rc8 35. Rf2 Rf8 36. Ng4 Bb3 37. Rxf8 Kxf8 38. Nf6 Kg7 39. Nd7 Bc4 40. Nc5 b6 41. Nxe6+ Kf6 42. Nf8 Kf5 43. Kf2 Ke4 44. Nd7 h6 45. Ne5 b5 46. Ke1 Kf5 47. Kf2 h5 48. Ke3 g5 49. b4 Bf1 50. Kf2 Bc4 51. Kf3 Bb3 52. g3 1/2-1/2

[Event "SRB-chT quality"]
[Site "Belgrade"]
[Date "2010.10.31"]
[Round "11"]
[White "Gavric, Gazimir"]
[Black "Bosnic, Miroslav"]
[Result "0-1"]
[WhiteElo "1875"]
[BlackElo "2137"]
[PlyCount "57"]
[EventDate "2010.10.09"]
[EventType "team-tourn"]
[EventRounds "11"]
[EventCountry "YUG"]
[SourceTitle "EXT 2011"]
[Source "ChessBase"]
[SourceDate "2010.11.26"]
[SourceVersion "1"]
[SourceVersionDate "2010.11.26"]
[SourceQuality "1"]

1. e4 d5 2. exd5 Nf6 3. Nc3 Nxd5 4. Nxd5 Qxd5 5. d4 Bf5 6. Be3 Nc6 7. c3 e5 8. Nf3 0-0-0 9. dxe5 Qe4 10. Qe2 Nxe5 11. Nxe5 Qxe5 12. Rd1 Bc5 13. Bd4 Bxd4 14. cxd4 Qd5 15. Qf3 Qa5+ 16. Qc3 Rhe8+ 17. Be2 Qxa2 18. Kf1 Qd5 19. Bc4 Qd7 20. f3 Re7 21. Kf2 Qd6 22. Rd2 h5 23. b4 Kb8 24. b5 h4 25. g3 g5 26. Be2 Red7 27. Kg2 Be6 28. Bc4 Bxc4 29. Qxc4 0-1

[Event "SRB-chT quality"]
[Site "Belgrade"]
[Date "2010.10.30"]
[Round "10"]
[White "Gavric, Gazimir"]
[Black "Jocic, Slavoljub"]
[Result "1-0"]
[WhiteElo "1875"]
[BlackElo "2246"]
[PlyCount "79"]
[EventDate "2010.10.09"]
[EventType "team-tourn"]
[EventRounds "11"]
[EventCountry "YUG"]
[SourceTitle "EXT 2011"]
[Source "ChessBase"]
[SourceDate "2010.11.26"]
[SourceVersion "1"]
[SourceVersionDate "2010.11.26"]
[SourceQuality "1"]

1. e4 c5 2. Nf3 Nc6 3. d4 cxd4 4. Nxd4 g6 5. Be3 Nf6 6. Nc3 Bg7 7. Be2 0-0 8. g4 d5 9. Nxc6 bxc6 10. e5 Nd7 11. f4 e6 12. g5 c5 13. Nb5 Ba6 14. c4 d4 15. Bd2 Bb7 16. Bf3 Qb8 17. Rb1 h6 18. gxh6 Bxh6 19. Nd6 Bxf3 20. Qxf3 Bg7 21. Qg3 Rd8 22. Rg1 Nf8 23. Ne4 Qb7 24. Qd3 Qe7 25. Kd1 f5 26. exf6 Bxf6 27. Kc2 Rd7 28. Rg4 Kf7 29. b4 Rc8 30. bxc5 Kg7 31. Bb4 Rc6 32. Nd6 Rdc7 33. Rbg1 g5 34. Rxg5+ Bxg5 35. Rxg5+ Kh8 36. Qxd4+ e5 37. Rxe5 Qh7+ 38. Kc1 Rg7 39. Ne8 Qh3 40. Rh5+ 1-0